Dima, o passarinho que criou o mundo (Record no. 153601)

MARC details
000 -LÍDER
campo de controle de tamanho fixo 00378 a2200145 4500
001 - NÚMERO DE CONTROLE
campo de controle 153601
040 ## - FONTE DA CATALOGAÇÃO
Instituição que transcreveu o registro Escola São Tomás de Aquino
100 ## - ENTRADA PRINCIPAL--NOME PESSOAL
Nome pessoal GONÇALVES, Zetho Cunha
240 10 - TÍTULO UNIFORME
Título uniforme Dima, o passarinho que criou o mundo
Idioma da obra por
245 10 - TÍTULO
Título Dima, o passarinho que criou o mundo
362 0# - DATAS DE PUBLICAÇÃO E/OU DESIGNAÇÃO SEQUENCIAL
Datas de publicação e/ou designação sequencial 2013
440 #1 - DECLARAÇÃO DE SÉRIE/ENTRADA ADICIONADA--TÍTULO
Título Melhoramentos
697 ## - ENTRADA DE ASSUNTO LOCAL--ENTIDADE COLETIVA (RLIN)
Nome corporativo ou nome da jurisdição *LITERATURA JUVENIL
942 ## - ELEMENTOS DE ENTRADA ADICIONADOS (KOHA)
Tipo de material Koha Livros
Holdings
Situação do descarte Situação das perdas Situação física Não pode ser emprestado Biblioteca de origem Biblioteca atual Data de aquisição Total de empréstimos Número de chamada completo Código de barras Data de último acesso Data do preço efetivo Tipo de material Koha
        ESTA - SÃO BENTO ESTA - SÃO BENTO 30/04/2024   028.54 GON DIM EST00007658 30/04/2024 30/04/2024 Livros